• 首页
  • 本馆介绍
  • 公告通知
  • 最新文献
  • 馆藏检索
  • 电子资源
  • 读者导购
  • 参考咨询
  • 我的图书馆
  • 登录
  • 详细信息显示
  • 放入我的书架
  • 预约/预借图书
  • 作者相关作品
  • 分类相关作品
  • 丛书相关作品
  • 出版社相关作品

书目信息

  • 表格格式
  • 工作单格式
  • 卡片格式
题名:
生理学实验
    
 
作者: 解景田 , 赵静 主编
分册:  
出版信息: 北京   高等教育出版社  2002
页数: 230页
开本: 26cm
丛书名:
单 册:
中图分类: Q4-33
科图分类:
主题词: 生理学--实验
电子资源:
ISBN: 7-04-011060-1
000 00649nam0 2200229 450
001 0635492516
005 20070715155011.28
010    @a7-04-011060-1@dCNY15.40
100    @a20060314d2002 km y0chiy0120 ea
101 0  @achi
102    @aCN@b110000
105    @a a z 000yy
200 1  @a生理学实验@Asheng li xue shi yan@f解景田,赵静主编@Fjie jing tian,zhao jing zhu bian
205    @a2版
210    @a北京@c高等教育出版社@d2002
215    @a230页@c图@d26cm
606 0  @a生理学@x实验
690    @aQ4-33@v4
701  0 @a解景田@Ajie jing tian@4主编
701  0 @a赵静@Azhao jing@4主编
801  0 @aCN@bPFT@c20070715
905    @a10447@dQ4-33@e15=2
    
    生理学实验/解景田,赵静主编.-2版.-北京:高等教育出版社,2002
    230页:图;26cm
    
    
    ISBN 7-04-011060-1:CNY15.40
    
●
相关链接 在E读中查询图书 在五车中查询图书 在当当中查询图书 在豆瓣中查询图书


正题名:生理学实验     索取号:Q4-33/15=2         预约/预借

序号 登录号 条形码 馆藏地/架位号 状态 备注
1 0339742   203397421   第二样本阅览室/ [索取号:Q4-33/15=2] 在馆    
2 0339743   203397430   第三借阅区/ [索取号:Q4-33/15=2] 在馆    
3 0339744   203397449   第三借阅区/ [索取号:Q4-33/15=2] 在馆    
4 0483617   204836179   密集书库/ [索取号:Q4-33/15=2] 在馆    
5 0483618   204836188   密集书库/ [索取号:Q4-33/15=2] 在馆    
6 0483619   204836197   密集书库/ [索取号:Q4-33/15=2] 在馆    
7 0483620   204836204   密集书库/ [索取号:Q4-33/15=2] 在馆    
8 0483621   204836213   密集书库/ [索取号:Q4-33/15=2] 在馆    
9 0483622   204836222   密集书库/ [索取号:Q4-33/15=2] 在馆    
10 0483623   204836231   密集书库/ [索取号:Q4-33/15=2] 在馆    
11 0483624   204836240   密集书库/ [索取号:Q4-33/15=2] 在馆    
12 0483625   204836259   密集书库/ [索取号:Q4-33/15=2] 在馆    
13 0483626   204836268   密集书库/ [索取号:Q4-33/15=2] 在馆    
14 0483627   204836277   密集书库/ [索取号:Q4-33/15=2] 在馆    
15 0483628   204836286   密集书库/ [索取号:Q4-33/15=2] 在馆    
16 0483629   204836295   密集书库/ [索取号:Q4-33/15=2] 在馆    
17 0483630   204836302   密集书库/ [索取号:Q4-33/15=2] 在馆    
18 0483631   204836311   密集书库/ [索取号:Q4-33/15=2] 在馆    
19 0483632   204836320   密集书库/ [索取号:Q4-33/15=2] 在馆    
20 0483633   204836339   密集书库/ [索取号:Q4-33/15=2] 在馆    
21 0483634   204836348   密集书库/ [索取号:Q4-33/15=2] 在馆    
22 0483635   204836357   密集书库/ [索取号:Q4-33/15=2] 在馆    
23 0483636   204836366   密集书库/ [索取号:Q4-33/15=2] 在馆    
24 0778223   207782238   密集书库/ [索取号:Q4-33/15=2] 在馆    
唐山师范学院图书馆 欢迎您!
大连网信软件有限公司© 版权所有